History Quiz

Random History or State Quiz

2012 Gubernatorial Candidates Quiz Stats

 Plays Quiz not verified by Sporcle

Challenge
Share
Tweet
Embed
Score 0/22 Timer 10:00
0 Plays Today
State Candidate % Correct
INMike Pence
94.1%
NCPat McCrory
94.1%
WAJay Inslee
94.1%
WVEarl Ray Tomblin
94.1%
DEJack Markell
88.2%
MOJay Nixon
88.2%
UTGary Herbert
88.2%
VTPeter Shumlin
88.2%
INJohn Gregg
76.5%
NDJack Dalrymple
76.5%
NHMaggie Hassan
76.5%
State Candidate % Correct
MTSteve Bullock
70.6%
MTRick Hill
70.6%
NDRyan Taylor
52.9%
NHOvide Lamontagne
35.3%
WARob McKenna
35.3%
MODave Spence
29.4%
NCWalter Dalton
29.4%
WVBill Maloney
23.5%
UTPeter Cooke
11.8%
VTRandy Brock
11.8%
DEJeff Cragg
5.9%

You're not logged in!

Compare scores with friends on all Sporcle quizzes.
Join for Free
OR
Log In

You Might Also Like...

Show Comments

Extras

Created Sep 26, 2012ReportNominate
Tags:State Quiz, 2012, candidate, party

Top Quizzes Today


Score Distribution

Your Account Isn't Verified!

In order to create a playlist on Sporcle, you need to verify the email address you used during registration. Go to your Sporcle Settings to finish the process.

Report this User

Report this user for behavior that violates our Community Guidelines.

Details: